|
|
|
|
| LEADER |
01014nam a2200289 a 4500 |
| 001 |
707 |
| 003 |
BD-DhAAL |
| 005 |
20151123114620.0 |
| 008 |
151123r1997 nyu 000 1 eng |
| 010 |
|
|
|a 97022090
|
| 020 |
|
|
|a 0393045420
|
| 040 |
|
|
|a DLC
|c DLC
|d DLC
|d OCoLC
|d DLC
|d BD-DhAAL
|
| 050 |
0 |
0 |
|a PR6063.A2474
|b G67 1997
|
| 082 |
0 |
0 |
|a 823/.914
|2 21
|
| 100 |
1 |
|
|a MacLaverty, Bernard.
|9 16477
|
| 245 |
1 |
0 |
|a Grace notes /
|c Bernard Mac Laverty.
|
| 250 |
|
|
|a 1st American ed.
|
| 260 |
|
|
|a New York :
|b W.W. Norton,
|c 1997.
|
| 300 |
|
|
|a 276 p. ;
|c 22 cm.
|
| 541 |
|
|
|e 717
|
| 650 |
|
0 |
|a Women composers
|z Scotland
|v Fiction.
|9 16478
|
| 650 |
|
0 |
|a Families
|z Northern Ireland
|v Fiction.
|9 16479
|
| 655 |
|
7 |
|a Domestic fiction.
|2 lcsh
|9 16480
|
| 655 |
|
7 |
|a Musical fiction.
|2 lcsh
|9 16481
|
| 942 |
|
|
|2 ddc
|c BK
|
| 999 |
|
|
|c 36284
|d 36284
|
| 952 |
|
|
|0 0
|1 0
|2 ddc
|4 0
|6 823_000000000000000__914_MAC
|7 0
|9 57037
|a SCL
|b SCL
|c GEN
|d 2015-11-23
|e Gift: The Asia Foundation
|l 8
|m 31
|o 823.914 MAC
|p 3020000717
|r 2023-10-25
|s 2023-10-02
|t 1
|w 2015-11-23
|y BK
|